Religion and social change in West Africa : an introduction to the sociology of religion (Record no. 7524)

MARC details
000 -LEADER
fixed length control field 00797nam a22001817a 4500
020 ## - INTERNATIONAL STANDARD BOOK NUMBER
ISBN 9964301723
020 ## - INTERNATIONAL STANDARD BOOK NUMBER
ISBN 9789964301729
050 ## - CALL NUMBER
Classification number BL2465
Item number .As7
100 ## - AUTHOR
Personal name Assimeng, Max
245 ## - TITLE
Title Religion and social change in West Africa : an introduction to the sociology of religion
Statement of responsibility, etc J M Assimeng
260 ## - PUBLICATION INFORMATION
Place of publication Accra : Ghana Universities Press, 1989.
300 ## - DESCRIPTION
Number of Pages 327 pages :
Other physical details illustrations ;
Dimensions 22 cm :
505 ## - FORMATTED CONTENTS NOTE
Table of Content 1. The social basis of religious behaviour<br/>2. The structure of traditional religion <br/>3. Aspects of socio- religious change<br/>4. The contemporary religion situation<br/>5. Witchcraft beliefs and practice a Ghanaian case study
650 ## - SUBJECTS
Topical Term Africa, West -- Religion.
650 ## - SUBJECTS
Topical Term Religion and sociology -- Africa, West.
650 ## - SUBJECTS
Topical Term Religion.
942 ## - ADDED ENTRY ELEMENTS (KOHA)
Koha item type Books
Holdings
Withdrawn status Lost status Collection code Home library Current library Shelving location Date acquired Full call number Accession Number Koha item type
    Reference Methodist University Library Main Methodist University Library Main General Stacks 25/01/2021 BL2465 .As7 32568 Books
    Reference Methodist University Library Main Methodist University Library Main General Stacks 25/01/2021 BL2465 .As7 32551 Books
Copyright © 2026  MUG Library